Marco Polo : (Record no. 3625)

MARC details
000 -LEADER
fixed length control field 00745cam a2200241 a 4500
001 - CONTROL NUMBER
control field 3625
003 - CONTROL NUMBER IDENTIFIER
control field FISKH
005 - DATE AND TIME OF LATEST TRANSACTION
control field 20240329140539.0
008 - FIXED-LENGTH DATA ELEMENTS--GENERAL INFORMATION
fixed length control field 051025s2005 fr 000 1 fre
010 ## - LIBRARY OF CONGRESS CONTROL NUMBER
LC control number 2005483868
020 ## - INTERNATIONAL STANDARD BOOK NUMBER
International Standard Book Number 2755700408
035 ## - SYSTEM CONTROL NUMBER
System control number (FrPJT)JTL00167470
040 ## - CATALOGING SOURCE
Original cataloging agency DLC
Transcribing agency DLC
Language of cataloging eng
Modifying agency FISKH
050 00 - LIBRARY OF CONGRESS CALL NUMBER
Classification number PQ2675.L396
Item number M37 2005
082 ## - DEWEY DECIMAL CLASSIFICATION NUMBER
Classification number 915.042
100 1# - MAIN ENTRY--PERSONAL NAME
Personal name Olivieri, Pierre,
Dates associated with a name 1947-
245 10 - TITLE STATEMENT
Title Marco Polo :
Remainder of title mon vrai voyage en Chine : [roman] /
Statement of responsibility, etc. Pierre Olivieri.
260 ## - PUBLICATION, DISTRIBUTION, ETC.
Place of publication, distribution, etc. Paris :
Name of publisher, distributor, etc. Editions du Panama,
Date of publication, distribution, etc. c2005.
300 ## - PHYSICAL DESCRIPTION
Extent 294 pages ;
Dimensions 20 cm.
906 ## - LOCAL DATA ELEMENT F, LDF (RLIN)
a 7
b cbc
c origres
d 4
e ncip
f 20
g y-gencatlg
942 ## - ADDED ENTRY ELEMENTS (KOHA)
Source of classification or shelving scheme Dewey Decimal Classification
Koha item type Books
Suppress in OPAC No
Holdings
Withdrawn status Lost status Source of classification or shelving scheme Damaged status Not for loan Collection Home library Current library Shelving location Date acquired Total Checkouts Full call number Barcode Date last seen Price effective from Koha item type
    Dewey Decimal Classification     Fiction Footprints International School Library Network Toul Kork Campus Footprints International School Library Network Toul Kork Campus TK Floor 4 Rear Hallway Shelf 1 (Adult/Secondary Foriegn Language/Khmer) 03/29/2024   OLI 914.042 PQ2675.L396 M37 2005 2024-0423 03/29/2024 03/29/2024 Books